000 00873nam a2200253 i 4500
001 bg
100 1 _aJagieła, Mariusz.
245 0 0 _aAnaliza stanów pracy specjalnych maszyn indukcyjnych w ujęciu polowym /
_cMariusz Jagieła.
260 _aOpole :
_bOficyna Wydawnicza Politechniki Opolskiej,
_c2007.
300 _a129, [3] s. :
_brys., wykr. ;
_c24 cm.
490 1 _aStudia i Monografie / Politechnika Opolska,
_x1429-6063 ;
_vz. 205
500 _aNa grzb. akronim serii: SiM z. 205.
504 _aBibliogr. s. 106-121.
546 _aStreszcz. ang.
650 9 _aMaszyny elektryczne
_xbadanie
650 9 _aMaszyny wirnikowe
_xbadanie
830 0 _aStudia i Monografie - Politechnika Opolska
_x1429-6063
_vz. 205
040 _cBPK
041 0 _apol
_beng
044 _aPOL
080 _a621.313.3
942 _cKS
008 s pl f |000 0 pol
999 _c54074
_d54074
856 _uhttp://koha.tu.koszalin.pl/cgi-bin/koha/opac-detail.pl?biblionumber=54074
_yKatalog online BPK